Mis fábulas de Esopo : (Registro nro. 9941)

Detalles MARC
000 -CABECERA
Longitud fija campo de control 00815nam a2200241 a 4500
003 - • IDENTIFICADOR DELl NÚMERO DE CONTROL
Identificador del número de control CO-ViMGA
008 - • CÓDIGOS DE INFORMACIÓN DE LONGITUD FIJA
Códigos de información de longitud fija 141112s2004 ck r 000 u spa d
020 ## - • NÚMERO INTERNACIONAL NORMALIZADO PARA LIBROS
Número Internacional Normalizado para Libros (ISBN) 9789978397015
040 ## - FUENTE DE LA CATALOGACIÓN
Centro catalogador de origen CO-ViMGA
Lengua de catalogación spa
Centro transcriptor CO-ViMGA
082 04 - • NÚMERO DE LA CLASIFICACIÓN DECIMAL DEWEY
Número de clasificación (R) I888.2 E75m
100 1# - • PUNTO DE ACCESO PRINCIPAL-NOMBRE DE PERSONA
Nombre de persona Esopo, ca. 620 - 560 a.C.
245 10 - • TITULO PROPIAMENTE DICHO
Título Mis fábulas de Esopo :
Resto del título incluye evaluaciones y diploma /
Mención de responsabilidad, etc. ilustraciones Fredy Badillo Vinueza
300 ## - • DESCRIPCIÓN FÍSICA
Extensión 128 p.
490 ## - • MENCIÓN DE SERIE
Mención de serie Edición de lujo coleccionable
598 ## -
-- NEW - GRAL
650 14 - • PUNTO DE ACCESO ADICIONAL DE MATERIA - TÉRMINO DE MATERIA
Término de materia o nombre geográfico como elemento inicial Fábulas griegas
700 1# - • PUNTO DE ACCESO ADICIONAL - NOMBRE DE PERSONA
Nombre de persona Badillo Vinueza, Fredy, il.
942 ## - ENTRADA DE ELEMENTOS AGREGADOS (KOHA)
Fuente de clasificaión o esquema Dewey Decimal Classification
Koha [por defecto] tipo de item LIbro
990 ## - EQUIVALENCIA O SECCIÓN-REFERENCIA [LOCAL, CANADA]
Enlace de información para campos 9XX Editorial Educativa Kingkolor S.A.S 12 vols. (2 ej. de cada uno) 21 19/12/2011 n a798388
Existencias
Perdido Fuente de clasificación o esquema Estado Físico No para préstamo Forma de adquisición Localización permanente Localización actual Fecha adquisición Serie de enumeración / cronolog&íacute;a Préstamos totales Signatura completa Código de barras Fecha última consulta Número de copia Fecha del precio de reemplazo Tipo de item de Koha Localización en estanterías
  Dewey Decimal Classification     Sala Infantil Segundo Piso Biblioteca Pública Germán Arciniegas - Villavicencio Biblioteca Pública Germán Arciniegas - Villavicencio 09/20/2016     I888.2 E75m 31176 09/20/2016 Ej. 1 09/20/2016 LIbro  
  Dewey Decimal Classification     Infantil Biblioteca Pública Guamal Biblioteca Pública Guamal 08/05/2024     C ESO1 GUA004035 08/05/2024 Ej.1 08/05/2024 Libro Infantil Sala Infantil
  Dewey Decimal Classification     Sala General Estacion de Lectura Apiay - Villavicencio Estacion de Lectura Apiay - Villavicencio 12/04/2015 05/ene/2015   I888.2 E75m 28028 12/04/2015 Ej. 1 12/04/2015 LIbro  









Instituto Departamental de Cultura del Meta - Red Departamental de Bibliotecas Públicas del Meta.